Mission Impossible Locations Quiz - Statistics

General Stats
  • This quiz has been taken 192 times
  • The average score is 25 of 35
Answer Stats
Answer % Correct
UK
89%
UK
89%
UK
89%
UK
89%
USA
89%
USA
89%
USA
89%
USA
89%
USA
89%
USA
89%
France
88%
France
88%
France
88%
Russia
87%
Italy
83%
Italy
83%
China
80%
Germany
78%
Germany
78%
UAE
75%
UAE
75%
India
72%
Spain
72%
Austria
69%
Austria
69%
Morocco
63%
Australia
58%
Czech Republic
49%
Pakistan
47%
Vatican City
38%
Netherlands
37%
Ukraine
35%
Cuba
33%
Belarus
32%
Hungary
26%
No matching quizzes found
Score Distribution
Percent of People with Each Score
Percentile by Number Answered
Your Score History
You have not taken this quiz